[Event "Perm op-A 10"]
[Site "Perm"]
[Date "2008.10.??"]
[Round "4"]
[White "Malgina, Tatiana"]
[Black "Khayrullin, Denis"]
[Result "1/2-1/2"]
[WhiteElo "2346"]
[BlackElo "2345"]
[PlyCount "85"]
[EventDate "2008.10.15"]
[EventType "swiss"]
[EventRounds "8"]
[EventCountry "RUS"]
[SourceTitle "EXT 2022"]
[Source "ChessBase"]
[SourceDate "2021.10.06"]
[SourceVersion "1"]
[SourceVersionDate "2021.10.06"]
[SourceQuality "1"]

1. d4 Nf6 2. c4 g6 3. Nc3 d5 4. cxd5 Nxd5 5. e4 Nxc3 6. bxc3 Bg7 7. Be3 c5 8. Qd2 Qa5 9. Rc1 0-0 10. d5 Rd8 11. c4 Qxd2+ 12. Kxd2 b6 13. Bd3 Na6 14. Ne2 Nb4 15. Bb1 e6 16. a3 Nc6 17. Kc2 Na5 18. Ba2 Ba6 19. Kb1 exd5 20. exd5 Rxd5 21. cxd5 Bxe2 22. Kc2 c4 23. Rhd1 Bxd1+ 24. Rxd1 Rd8 25. Bg5 Rd7 26. a4 a6 27. Be3 b5 28. axb5 axb5 29. Bd2 Nb7 30. Bc3 Nc5 31. Bxg7 Kxg7 32. Kc3 Nd3 33. Kd4 Nb4 34. Bxc4 bxc4 35. Kxc4 Na6 36. d6 Kf6 37. Kd5 Nb8 38. Rb1 Rd8 39. f4 h5 40. g3 Nd7 41. Rb7 Kf5 42. Kc6 Ke6 43. Kc7 1/2-1/2

[Event "Perm op-A 10"]
[Site "Perm"]
[Date "2008.10.??"]
[Round "2"]
[White "Malgina, Tatiana"]
[Black "Klots, Leonid"]
[Result "1-0"]
[WhiteElo "2346"]
[BlackElo "2252"]
[PlyCount "107"]
[EventDate "2008.10.15"]
[EventType "swiss"]
[EventRounds "8"]
[EventCountry "RUS"]
[SourceTitle "EXT 2022"]
[Source "ChessBase"]
[SourceDate "2021.10.06"]
[SourceVersion "1"]
[SourceVersionDate "2021.10.06"]
[SourceQuality "1"]

1. d4 Nf6 2. c4 g6 3. Nf3 d5 4. Nc3 Bg7 5. Bg5 Ne4 6. cxd5 Nxg5 7. Nxg5 e6 8. Nf3 exd5 9. e3 0-0 10. Be2 Nc6 11. 0-0 Be6 12. Rc1 f5 13. b4 a6 14. Qb3 Re8 15. Na4 Qd6 16. Ng5 Nd8 17. Bf3 c6 18. Nxe6 Nxe6 19. Nc5 Re7 20. g3 Ng5 21. Bg2 Nf7 22. a4 g5 23. Nd3 Bh6 24. Rc5 f4 25. exf4 gxf4 26. b5 fxg3 27. hxg3 axb5 28. axb5 Bg7 29. bxc6 bxc6 30. Nb4 Rb7 31. Qc3 Rb5 32. Rxb5 cxb5 33. Bxd5 Ra4 34. Qc8+ Qf8 35. Bxf7+ Kxf7 36. Qd7+ Kg8 37. Nc6 Ra2 38. Qd5+ Qf7 39. Qxb5 h5 40. Qg5 Kh7 41. d5 Bh6 42. Qe5 Rd2 43. Ne7 Bg7 44. Qe4+ Kh8 45. Qe3 Rd4 46. Kg2 Kh7 47. Rh1 Bf6 48. d6 h4 49. Rxh4+ Rxh4 50. gxh4 Qc4 51. Kf3 Qxh4 52. Qe4+ Qxe4+ 53. Kxe4 Kg7 54. Nc6 1-0

[Event "Perm op-A 10"]
[Site "Perm"]
[Date "2008.10.??"]
[Round "7"]
[White "Syrchikov, Alexander"]
[Black "Malgina, Tatiana"]
[Result "0-1"]
[WhiteElo "2273"]
[BlackElo "2346"]
[PlyCount "102"]
[EventDate "2008.10.15"]
[EventType "swiss"]
[EventRounds "8"]
[EventCountry "RUS"]
[SourceTitle "EXT 2022"]
[Source "ChessBase"]
[SourceDate "2021.10.06"]
[SourceVersion "1"]
[SourceVersionDate "2021.10.06"]
[SourceQuality "1"]

1. e4 c5 2. Nc3 g6 3. Nf3 Bg7 4. d4 cxd4 5. Nxd4 Nc6 6. Be3 Nf6 7. Bc4 0-0 8. Bb3 d6 9. f3 Bd7 10. Qd2 Nxd4 11. Bxd4 b5 12. Nd5 Nxd5 13. Bxg7 Kxg7 14. Bxd5 Rc8 15. 0-0 Qb6+ 16. Rf2 Rc7 17. c3 Rfc8 18. Re1 b4 19. cxb4 Rc2 20. Qe3 Qxb4 21. Bb3 Rxf2 22. Kxf2 a5 23. a3 Qb5 24. Re2 Rc5 25. h3 Qb8 26. f4 Qc7 27. Rd2 Bb5 28. Rd5 Rxd5 29. exd5 Kf8 30. a4 Ba6 31. Qc3 Qc5+ 32. Kf3 Ke8 33. Qh8+ Kd7 34. Qa8 Qb6 35. Qc6+ Qxc6 36. dxc6+ Kxc6 37. Bxf7 Kc5 38. Bg8 h6 39. g4 Kd4 40. h4 Bb7+ 41. Kg3 Be4 42. Kf2 d5 43. Be6 Kc5 44. Ke3 Kd6 45. Bf7 e5 46. h5 gxh5 47. Bxh5 exf4+ 48. Kxf4 Bc2 49. Be8 d4 50. g5 hxg5+ 51. Kxg5 Ke5 0-1

[Event "Perm-ch (Women)"]
[Site "Perm"]
[Date "2007.08.12"]
[Round "10"]
[White "Malgina, Tatiana"]
[Black "Kushka, Alena"]
[Result "1/2-1/2"]
[WhiteElo "2352"]
[BlackElo "2013"]
[PlyCount "47"]
[EventDate "2007.08.03"]
[EventType "tourn"]
[EventRounds "10"]
[EventCountry "RUS"]
[SourceTitle "EXT 2022"]
[Source "ChessBase"]
[SourceDate "2021.10.06"]
[SourceVersion "1"]
[SourceVersionDate "2021.10.06"]
[SourceQuality "1"]

1. d4 c5 2. d5 g6 3. e4 Bg7 4. Nf3 d6 5. Be2 Nf6 6. Nc3 0-0 7. 0-0 Na6 8. a4 Nc7 9. Re1 Nd7 10. Bf4 b6 11. Bc4 Bb7 12. e5 dxe5 13. Nxe5 Nxe5 14. Bxe5 Bxe5 15. Rxe5 Qd6 16. Qe2 Rfd8 17. Rxe7 Bxd5 18. Bxd5 Nxd5 19. Nxd5 Qxd5 20. Re1 Rd7 21. Re8+ Rxe8 22. Qxe8+ Kg7 23. g3 Qd2 24. Qe5+ 1/2-1/2

[Event "Perm-ch (Women)"]
[Site "Perm"]
[Date "2007.08.10"]
[Round "8"]
[White "Malgina, Tatiana"]
[Black "Matveeva, Olga"]
[Result "1-0"]
[WhiteElo "2352"]
[BlackElo "2226"]
[PlyCount "111"]
[EventDate "2007.08.03"]
[EventType "tourn"]
[EventRounds "10"]
[EventCountry "RUS"]
[SourceTitle "EXT 2022"]
[Source "ChessBase"]
[SourceDate "2021.10.06"]
[SourceVersion "1"]
[SourceVersionDate "2021.10.06"]
[SourceQuality "1"]

1. d4 Nf6 2. c4 c5 3. e3 cxd4 4. exd4 g6 5. Nc3 Bg7 6. Nf3 0-0 7. Be2 d5 8. 0-0 Nc6 9. Be3 Be6 10. Ng5 Bf5 11. Nf3 Be6 12. Ne5 Rc8 13. Nxc6 bxc6 14. c5 Ne4 15. Na4 f5 16. f3 Nf6 17. b4 Rb8 18. Rb1 Nh5 19. f4 Nf6 20. Kh1 Ne4 21. Qd3 Qc7 22. Nc3 Bd7 23. a4 g5 24. g3 g4 25. Nxe4 fxe4 26. Qd1 h5 27. b5 Rb7 28. Qc2 Rfb8 29. Rfc1 Be8 30. Qa2 e6 31. a5 Qf7 32. a6 Re7 33. b6 Ra8 34. Rb4 Qf5 35. Qb2 h4 36. Kg1 hxg3 37. hxg3 Qh5 38. Bf1 Bf6 39. Qh2 Qf5 40. Rcb1 Rh7 41. Qg2 Re7 42. bxa7 Raxa7 43. Rb7 Qh7 44. Qb2 Qg7 45. Rb8 Kf8 46. Qd2 Rec7 47. R1b4 Re7 48. Qb2 Qh6 49. R8b7 Rh7 50. Qg2 e5 51. Rxa7 Rxa7 52. dxe5 Bxe5 53. fxe5 Qxe3+ 54. Qf2+ Qf3 55. Be2 e3 56. Rf4+ 1-0